01358 a2200181 45000010006000000050017000060080041000230030015000640400040000790800073001192450068001920200022002602640034002823000019003165050671003351000018010068560152010242195420260407155509.0260407a2003 arg spa dAR-UNSa-BCEJYS aAR-UNSa-BCEJYSbspacAR-UNSa-BCEJYS a657.3xPresupuestos. Cierre de Cuentas. Balances (Estados Contables)10aEstados ContablespPresentación interpretación y análisis a978-987-01-0193-2 1aBuenos Aires :bErreparc2003 a302 p.c21 cm. a1. Contenido y metodología de la obra - 2. Introducción a la teoría contable: Normas de medición - 3. Introducción a la teoría contable: Normas de exposición.ajustes extracontables para el análisis - 4. Los estados de cambios en la posición financiera de las empresas - 5. Tipos de análisis con estados contables - 6. Caso base de análisis de estados contables - 7. Prestación de informes sobre el análisis de los estados contables - 8. Calificaciones vinculadas con créditos bancarios y compañías de seguros - 9. Calificaciones de riesgo por la compra de títulos de valores(acciones y obligaciones negociables)en oferta pública. 1 aBiondi, Mario41uhttps://biblioeco.unsa.edu.ar/pmb/images/libros/Estados contables presentacion, interpretacion y analisis-l86630.jpgyImagen de portadaqimage/jpeg